|
|
|
|
| LEADER |
00000cas a2200000 a 4500 |
| 001 |
vtls009489775 |
| 003 |
SK-MaSNL |
| 005 |
20260228155938.0 |
| 008 |
160425c20099999xo mr|p 0 b0slo |
| 022 |
|
|
|a 1337-9631
|
| 040 |
|
|
|a SVKBB
|b slo
|c SVKBB
|d SAVUK
|d SNK
|e AACR2
|
| 041 |
0 |
|
|a slo
|
| 044 |
|
|
|a xo
|c SK
|
| 072 |
|
7 |
|a 37
|x Výchova a vzdelávanie
|2 konspekt
|
| 072 |
|
7 |
|a 74
|x Kresba. Umelecké remeslá
|2 konspekt
|
| 072 |
|
7 |
|a 64
|x Domáce hospodárstvo
|2 konspekt
|
| 080 |
|
|
|a 746
|2 2011
|
| 080 |
|
|
|a 64
|2 2001
|
| 080 |
|
|
|a 050
|2 2011
|
| 080 |
|
|
|a 379.82
|2 2011
|
| 080 |
|
|
|a (051.055.2)
|2 2011
|
| 080 |
|
|
|a 379.8(051)
|2 2011
|
| 210 |
0 |
|
|a Prakt. Slov.
|
| 222 |
|
0 |
|a Praktická Slovenka
|
| 245 |
0 |
0 |
|a Praktická Slovenka
|
| 260 |
|
|
|a Bratislava
|b STAR production, s.r.o.
|c 2009-
|
| 300 |
|
|
|a zv.
|c 30 cm
|
| 310 |
|
|
|a 1x mesačne
|
| 362 |
0 |
|
|a Roč. 1, č. 1 (apr. 2009)-
|
| 500 |
|
|
|a Šéfredaktorka: (2009), Iveta Sidorová; (2010-2011), Mária Miková; (2012), Ivica Augustínová; (2013), Jana Čachanová ; 1/2014-5/2014, Gabriela Šírová ; 6/2014- , Daniela Vidová
|
| 500 |
|
|
|a Evidenčné č.: 3454/2009
|
| 500 |
|
|
|a Na obálke uvedené roč. VII/2014, má byť roč. VI/2014
|
| 500 |
|
|
|a Predchádzajúci podnázov: zdravý životný štýl, módne inšpirácie, bytové dekorácie, poradňa, skvelé recepty
|
| 515 |
|
|
|a Niektoré čísla vychádzajú ako dvojčíslo
|
| 515 |
|
|
|a V rokoch 2009/10, 2010/11, 2015/16 s posledným číslom vychádza prvé číslo nasledujúceho roka 12/1
|
| 650 |
0 |
7 |
|a ručné práce
|2 SNKPH
|9 3095
|
| 650 |
0 |
7 |
|a domáce práce
|2 SNKPH
|9 209371
|
| 650 |
0 |
7 |
|a hobby
|2 SNKPH
|9 30350
|
| 655 |
|
7 |
|a časopisy pre ženy
|2 SNKPH
|9 70785
|
| 655 |
|
7 |
|a časopisy pre voľný čas
|2 SNKPH
|9 70337
|
| 700 |
1 |
|
|a Sidorová, Iveta
|4 pbd
|9 265640
|
| 700 |
1 |
|
|a Miková, Mária,
|d 1968-
|4 pbd
|9 262418
|
| 700 |
1 |
|
|a Augustínová, Ivica
|4 pbd
|9 265641
|
| 700 |
1 |
|
|a Čachanová, Jana
|4 pbd
|9 265642
|
| 700 |
1 |
|
|a Šírová, Gabriela
|4 pbd
|9 265643
|
| 700 |
1 |
|
|a Vidova, Gabriela
|4 pbd
|9 265644
|
| 780 |
0 |
0 |
|t Dorka (Bratislava)
|x 0139-8563
|
| 852 |
|
|
|a Štátna vedecká knižnica v Banskej Bystrici
|
| 910 |
|
|
|a savuk
|
| 910 |
|
|
|a snk
|
| 910 |
|
|
|a svkbb
|
| 916 |
|
|
|a 2009-2013, 2014-2016, 2017-2020
|
| 999 |
|
|
|c 963
|d 963
|
| 952 |
|
|
|0 0
|1 0
|4 0
|7 0
|8 0
|a SNK
|b SNK
|d 2024-06-04
|i snk2024/8793
|l 0
|o snkČSB 5885/13/2021 D1
|p 17A1523449
|r 2026-02-21 19:49:58
|t č. 1-12
|w 2026-02-21
|y PREZ
|
| 952 |
|
|
|0 0
|1 0
|4 0
|7 0
|8 0
|a SNK
|b SNK
|d 2024-06-04
|i snk2024/8796
|l 0
|o snkČSB 5885/15/2023
|p 17A1523450
|r 2026-02-21 19:49:58
|t č. 1-12
|w 2026-02-21
|y PREZ
|
| 952 |
|
|
|0 0
|1 0
|4 0
|7 0
|8 0
|a SNK
|b SNK
|d 2025-09-02
|i snk2025/13799
|l 0
|o snkČSB 5885/14/2022 D1
|p 17A1557781
|r 2026-02-21 19:51:06
|t č. 1-12
|w 2026-02-21
|y PREZ
|
| 952 |
|
|
|0 0
|1 0
|4 0
|7 0
|8 0
|a SNK
|b SNK
|d 2025-09-02
|i snk2025/13800
|l 0
|o snkČSB 5885/15/2023 D1
|p 17A1557782
|r 2026-02-21 19:51:06
|t č. 1-12
|w 2026-02-21
|y PREZ
|
| 952 |
|
|
|0 0
|1 0
|4 0
|7 0
|8 0
|a SNK
|b SNK
|d 2025-09-02
|i snk2025/13801
|l 0
|o snkČSB 5885/16/2024
|p 17A1557783
|r 2026-02-21 19:51:06
|t č. 1-12
|w 2026-02-21
|y PREZ
|
| 952 |
|
|
|0 0
|1 0
|4 0
|7 0
|8 0
|a SNK
|b SNK
|d 2023-04-05
|i snk2023/5680
|l 0
|o snkČSB 5885/12/2020 D1
|p 17A1465773
|r 2026-02-21 20:12:24
|t č. 1-12
|w 2026-02-21
|y PREZ
|
| 952 |
|
|
|0 0
|1 0
|4 0
|7 0
|8 0
|a SNK
|b SNK
|d 2023-04-04
|i snk2023/5650
|l 0
|o snkČSB 5885/13/2021
|p 17A1465854
|r 2026-02-21 20:17:56
|t č. 1-12
|w 2026-02-21
|y PREZ
|
| 952 |
|
|
|0 0
|1 0
|4 0
|7 0
|8 0
|a SNK
|b SNK
|d 2023-04-04
|i snk2023/5652
|l 0
|o snkČSB 5885/14/2022
|p 17A1465855
|r 2026-02-21 20:17:56
|t č. 1-12
|w 2026-02-21
|y PREZ
|
| 952 |
|
|
|0 0
|1 0
|4 0
|7 0
|8 0
|a SNK
|b SNK
|d 2014-04-22
|f 1
|i snk2014/9703
|l 0
|o snkČSB 5885/1/2009-2010
|p 17A1087944
|r 2026-02-21 21:02:55
|t č. apr.-12 2009/jan. 2010
|w 2026-02-21
|y PREZ
|
| 952 |
|
|
|0 0
|1 0
|4 0
|7 0
|8 0
|a SNK
|b SNK
|d 2014-04-22
|i snk2014/9705
|l 0
|o snkČSB 5885/1/2009-2010 D1
|p 17A1087945
|r 2026-02-21 21:02:55
|t č. apr.-12 2009/jan. 2010
|w 2026-02-21
|y PREZ
|
| 952 |
|
|
|0 0
|1 0
|4 0
|7 0
|8 0
|a SNK
|b SNK
|d 2014-04-22
|f 1
|i snk2014/9711
|l 0
|o snkČSB 5885/2/2010-2011
|p 17A1087946
|r 2026-02-21 21:02:55
|t č. febr.-dec. 2010/ jan. 2011
|w 2026-02-21
|y PREZ
|
| 952 |
|
|
|0 0
|1 0
|4 0
|7 0
|8 0
|a SNK
|b SNK
|d 2014-04-22
|i snk2014/9715
|l 0
|o snkČSB 5885/2/2010-2011 D1
|p 17A1087947
|r 2026-02-21 21:02:55
|t č. febr.-dec. 2010/ jan. 2011
|w 2026-02-21
|y PREZ
|
| 952 |
|
|
|0 0
|1 0
|4 0
|7 0
|8 0
|a SNK
|b SNK
|d 2014-04-22
|f 1
|i snk2014/9718
|l 0
|o snkČSB 5885/3/2011
|p 17A1087948
|r 2026-02-21 21:02:55
|t č. febr.-dec. + zimný špeciál
|w 2026-02-21
|y PREZ
|
| 952 |
|
|
|0 0
|1 0
|4 0
|7 0
|8 0
|a SNK
|b SNK
|d 2014-04-22
|i snk2014/9721
|l 0
|o snkČSB 5885/3/2011 D1
|p 17A1087949
|r 2026-02-21 21:02:55
|t č. febr.-dec. + zimný špeciál
|w 2026-02-21
|y PREZ
|
| 952 |
|
|
|0 0
|1 0
|4 0
|7 0
|8 0
|a SNK
|b SNK
|d 2014-04-22
|f 1
|i snk2014/9783
|l 0
|o snkČSB 5885/4/2012
|p 17A1087950
|r 2026-02-21 21:02:55
|t č. febr.-dec. + Vianočný špeciál
|w 2026-02-21
|y PREZ
|z chýba november, december
|
| 952 |
|
|
|0 0
|1 0
|4 0
|7 0
|8 0
|a SNK
|b SNK
|d 2014-04-22
|i snk2014/9803
|l 0
|o snkČSB 5885/4/2012 D1
|p 17A1087951
|r 2026-02-21 21:02:55
|t č. febr.-dec. + Vianočný špeciál
|w 2026-02-21
|y PREZ
|
| 952 |
|
|
|0 0
|1 0
|4 0
|7 0
|8 0
|a SNK
|b SNK
|d 2014-04-22
|f 1
|i snk2014/9806
|l 0
|o snkČSB 5885/5/2013
|p 17A1087952
|r 2026-02-21 21:02:55
|t č. febr.-dec.
|w 2026-02-21
|y PREZ
|
| 952 |
|
|
|0 0
|1 0
|4 0
|7 0
|8 0
|a SNK
|b SNK
|d 2014-04-22
|i snk2014/9807
|l 0
|o snkČSB 5885/5/2013 D1
|p 17A1087953
|r 2026-02-21 21:02:55
|t č. febr.-dec.
|w 2026-02-21
|y PREZ
|
| 952 |
|
|
|0 0
|1 0
|4 0
|7 0
|8 0
|a SNK
|b SNK
|d 2022-01-07
|i snk2022/320
|l 0
|o snkČSB 5885/12/2020
|p 17A1436326
|r 2026-02-21 21:39:55
|t č. 1-12
|w 2026-02-21
|y PREZ
|
| 952 |
|
|
|0 0
|1 0
|4 0
|7 0
|8 0
|a SNK
|b SNK
|d 2017-11-10
|f 1
|i snk2017/24820
|l 0
|o snkČSB 5885/6/2014
|p 17A1265402
|r 2026-02-21 22:11:56
|t č. 1-12
|w 2026-02-21
|y PREZ
|
| 952 |
|
|
|0 0
|1 0
|4 0
|7 0
|8 0
|a SNK
|b SNK
|d 2017-11-10
|i snk2017/24828
|l 0
|o snkČSB 5885/6/2014 D1
|p 17A1265403
|r 2026-02-21 22:11:56
|t č. 1-12
|w 2026-02-21
|y PREZ
|
| 952 |
|
|
|0 0
|1 0
|4 0
|7 0
|8 0
|a SNK
|b SNK
|d 2017-11-10
|f 1
|i snk2017/24829
|l 0
|o snkČSB 5885/7/2015-2016
|p 17A1265404
|r 2026-02-21 22:11:56
|t č. 1-12/1
|w 2026-02-21
|y PREZ
|
| 952 |
|
|
|0 0
|1 0
|4 0
|7 0
|8 0
|a SNK
|b SNK
|d 2017-11-10
|i snk2017/24834
|l 0
|o snkČSB 5885/7/2015-2016 D1
|p 17A1265405
|r 2026-02-21 22:11:56
|t č. 1-12/1
|w 2026-02-21
|y PREZ
|
| 952 |
|
|
|0 0
|1 0
|4 0
|7 0
|8 0
|a SNK
|b SNK
|d 2017-11-10
|f 1
|i snk2017/24870
|l 0
|o snkČSB 5885/8/2016
|p 17A1265406
|r 2026-02-21 22:11:56
|t č. 2-12
|w 2026-02-21
|y PREZ
|
| 952 |
|
|
|0 0
|1 0
|4 0
|7 0
|8 0
|a SNK
|b SNK
|d 2017-11-10
|i snk2017/24887
|l 0
|o snkČSB 5885/8/2016 D1
|p 17A1265407
|r 2026-02-21 22:11:56
|t č. 2-12
|w 2026-02-21
|y PREZ
|
| 952 |
|
|
|0 0
|1 0
|4 0
|7 0
|8 0
|a SNK
|b SNK
|d 2020-01-09
|i snk2020/267
|l 0
|o snkČSB 5885/9/2017
|p 17A1386022
|r 2026-02-21 22:15:45
|t č. 1-12
|w 2026-02-21
|y PREZ
|
| 952 |
|
|
|0 0
|1 0
|4 0
|7 0
|8 0
|a SNK
|b SNK
|d 2020-01-09
|i snk2020/268
|l 0
|o snkČSB 5885/10/2018
|p 17A1386021
|r 2026-02-21 22:15:45
|t č. 1-12
|w 2026-02-21
|y PREZ
|
| 952 |
|
|
|0 0
|1 0
|4 0
|7 0
|8 0
|a SNK
|b SNK
|d 2020-01-09
|i snk2020/269
|l 0
|o snkČSB 5885/11/2019
|p 17A1386020
|r 2026-02-21 22:15:45
|t č. 1-12
|w 2026-02-21
|y PREZ
|
| 952 |
|
|
|0 0
|1 0
|4 0
|7 0
|8 0
|a SNK
|b SNK
|d 2020-01-09
|i snk2020/270
|l 0
|o snkČSB 5885/9/2017 D1
|p 17A1386019
|r 2026-02-21 22:15:45
|t č. 1-12
|w 2026-02-21
|y PREZ
|
| 952 |
|
|
|0 0
|1 0
|4 0
|7 0
|8 0
|a SNK
|b SNK
|d 2020-01-09
|i snk2020/271
|l 0
|o snkČSB 5885/10/2018 D1
|p 17A1386018
|r 2026-02-21 22:15:45
|t č. 1-12, neúplné
|w 2026-02-21
|y PREZ
|z Chýba č. 6
|
| 952 |
|
|
|0 0
|1 0
|4 0
|7 0
|8 0
|a SNK
|b SNK
|d 2020-01-09
|i snk2020/272
|l 0
|o snkČSB 5885/11/2019 D1
|p 17A1386017
|r 2026-02-21 22:15:45
|t č. 1-12
|w 2026-02-21
|y PREZ
|